Movies Quiz

Random Movies Quiz

Scorsese Collaborators Quiz Stats

 Plays Quiz not verified by Sporcle

Also try: Movies by Series
Challenge
Share
Tweet
Embed
Score 0/28 Timer 10:00
0 Plays Today
Number of Films Person % Correct
8Robert De Niro
98.9%
4Leonardo DiCaprio
92%
3Joe Pesci
89.7%
5Harvey Keitel
50.6%
15Thelma Schoonmaker
46%
2Daniel Day-Lewis
40.2%
2Jodie Foster
37.9%
4Paul Schrader
29.9%
8Charles Scorsese
28.7%
7Catherine Scorsese
28.7%
2Alec Baldwin
24.1%
3Frank Vincent
23%
2John C. Reilly
19.5%
5Robert Richardson
13.8%
Number of Films Person % Correct
2Nicholas Pileggi
13.8%
7Robbie Robertson
11.5%
3Howard Shore
10.3%
7Michael Ballhaus
8%
2Barbara Hershey
6.9%
3Sandy Powell
5.7%
6Harry Northup
4.6%
2Kevin Corrigan
3.4%
2Frank Sivero
2.3%
3Elmer Bernstein
2.3%
6Victor Argo
1.1%
2Verna Bloom
1.1%
5Murray Moston
1.1%
7Dante Ferretti
1.1%

You're not logged in!

Compare scores with friends on all Sporcle quizzes.
OR
Log In

You Might Also Like...

Show Comments

Extras

Top Quizzes Today


Score Distribution

Your Account Isn't Verified!

In order to create a playlist on Sporcle, you need to verify the email address you used during registration. Go to your Sporcle Settings to finish the process.

Report this User

Report this user for behavior that violates our Community Guidelines.

Details: